00417nam a2200145Ia 4500008004100000020001500041041001200056082001100068100001200079245011600091260002900207300000800236650001200244700001500256221030s9999 xx 000 0 und d a8184002737 aEnglish a105.23 aY. Modi 4aThe Game Changers : 20 Extraordinary Sucess Stories of Entrepreneurs from IIT Kharagpurcby Y. Modi, A. Kothari bRandom Pub.aNoidac2012 a262 aGeneral aA. Kothari